000
00248nam a2200109Ia 4500
008
260210s9999 xx 000 0 und d
020
_a
9788415123705
100
_a
Links
245
0
_a
Latest Trends In Shop Design
260
_b
Links
942
_c
BDES
999
_c
14100
_d
14100